Planète des masques (Record no. 10384)

MARC details
000 -CABECERA
campo de control de longitud fija 01120nam a2200265 a 4500
001 - NÚMERO DE CONTROL
campo de control BRL_1575
005 - FECHA Y HORA DE LA ÚLTIMA TRANSACCIÓN
campo de control 20190320211254.0
008 - DATOS DE LONGITUD FIJA--INFORMACIÓN GENERAL
campo de control de longitud fija 180314s1995----be-ao#####---#000-0#fre-#
041 ## - CÓDIGO DE LENGUA
Código de lengua del texto/banda sonora o título independiente fre
044 ## - CÓDIGO DEL PAÍS DE LA ENTIDAD EDITORA/PRODUCTORA
Código MARC del país be
050 #4 - SIGNATURA TOPOGRÁFICA DE LA BIBLIOTECA DEL CONGRESO
Número de clasificación GT4848
Número de documento/Ítem .P53 1995
245 10 - MENCIÓN DE TÍTULO
Título Planète des masques
Resto del título oeuvres majeures de la Communauté francaise de Belgique et du Musée international du Carnaval et du Masque- Binche
Mención de responsabilidad, etc. sous la direction de Marie-France Willaimez et de Michel Revelard ; préface de Claude Lévi-Strauss.
260 ## - PUBLICACIÓN, DISTRIBUCIÓN, ETC.
Lugar de publicación, distribución, etc. Belgique
Nombre del editor, distribuidor, etc. Direction Générale de la Culture et de la Communication, Communauté francaise de Belgique
Fecha de publicación, distribución, etc. 1995
300 ## - DESCRIPCIÓN FÍSICA
Extensión 197 p.
Otras características físicas il., fotogrfías (a color)
Dimensiones 30 cm.
500 ## - NOTA GENERAL
Nota general Au1784
504 ## - NOTA DE BIBLIOGRAFÍA, ETC.
Nota de bibliografía, etc. Bibliografía: p. 158-160
610 24 - PUNTO DE ACCESO ADICIONAL DE MATERIA--NOMBRE DE ENTIDAD CORPORATIVA
Nombre de entidad corporativa o nombre de jurisdicción como elemento de entrada Musée International du Carnaval et du Masque
Subdivisión de forma Exposiciones
9 (RLIN) 27331
650 14 - PUNTO DE ACCESO ADICIONAL DE MATERIA--TÉRMINO DE MATERIA
Término de materia o nombre geográfico como elemento de entrada Máscaras
Subdivisión de forma Exposiciones
9 (RLIN) 27332
700 1# - PUNTO DE ACCESO ADICIONAL--NOMBRE DE PERSONA
Nombre de persona Willaumez, Marie-France
9 (RLIN) 27333
700 1# - PUNTO DE ACCESO ADICIONAL--NOMBRE DE PERSONA
Nombre de persona Revelard, Michel
9 (RLIN) 27334
700 1# - PUNTO DE ACCESO ADICIONAL--NOMBRE DE PERSONA
Nombre de persona Lévi-Strauss, Claude
Término indicativo de función/relación pról.
9 (RLIN) 27335
710 2# - PUNTO DE ACCESO ADICIONAL--NOMBRE DE ENTIDAD CORPORATIVA
Nombre de entidad corporativa o nombre de jurisdicción como elemento de entrada Musée International du Carnaval et du Masque
9 (RLIN) 27336
902 ## - CATALOGADOR
Iniciales GRL
942 ## - ELEMENTOS DE PUNTO DE ACCESO ADICIONAL (KOHA)
Fuente del sistema de clasificación o colocación Library of Congress Classification
Tipo de ítem Koha Libros
Holdings
Estado de retiro Estado de pérdida Estado dañado No para préstamo Localización permanente Ubicación/localización actual Fecha de adquisición Número de inventario Total de préstamos Signatura topográfica completa Código de barras Fecha visto por última vez Precio válido a partir de Tipo de ítem Koha
El ejemplar forma parte de la colección y puede ser consultado según las políticas vigentes.       Biblioteca Centro de Estudios Ruth D. Lechuga Biblioteca Centro de Estudios Ruth D. Lechuga 18/03/2014 Au1784   GT4848 .P53 1995 (Au1784) GRL01735 22/03/2019 22/03/2019 Libros